A guide to the successful management of computer projects
Сохранить в:
| Главный автор: | |
|---|---|
| Формат: | |
| Язык: | английский |
| Опубликовано: |
Nueva York
John Wiley
1978
|
| Предметы: | |
| Метки: |
Добавить метку
Нет меток, Требуется 1-ая метка записи!
|
MARC
| LEADER | 00000nam a2200000 a 4500 | ||
|---|---|---|---|
| 001 | UCU6713 | ||
| 003 | CL-VaPUC | ||
| 008 | 960621e19780000US |||||||||||||||||eng|d | ||
| 082 | 0 | 4 | |a 658.05 |b DON |2 21 |
| 100 | 0 | |a Donaldson, Hamish |e author |9 365050 | |
| 245 | 1 | 2 | |a A guide to the successful management of computer projects |
| 300 | |a 266 p | ||
| 942 | |c BK | ||
| 945 | |d 19960621 00:00:00 |a paguirre | ||
| 260 | |a Nueva York |b John Wiley |c 1978 | ||
| 650 | 0 | |a Administración |9 259325 | |
| 650 | 0 | |a Aplicaciones de computadores |9 260401 | |
| 650 | 7 | |a PROGRAMAS DE APLICACION |2 CL-VaPUC |9 342141 | |
| 650 | 0 | |a Computadores |9 258188 | |
| 583 | |a last modification |c 19960621 00:00:00 |k Rodrigo Vera | ||
| 999 | |c 249537 |d 249535 | ||
| 952 | |0 0 |1 0 |4 0 |6 658_050000000000000_DON_1978 |7 0 |8 A |9 266828 |a BIBING |b BIBING |d 2019-11-19 |i 169023K |o 658.05 DON 1978 |p 169023K |r 2025-01-20 |w 2019-11-19 |y BK |k ING | ||